Vlastnosti skla ve výuce chemie

Bibliographic Details
Main Authors: Richtr, Václav (Author), Kraitr, Milan (Author), Štrofová, Jitka (Author)
Format: Article
Language:Czech
PhysicalDescription:Tab.
ISBN:9788055705460
Subjects:

MARC

LEADER 00000nab a2200000 a 4500
001 vtls010614184
003 SK-MaSNL
005 20260304011720.0
008 140814 2013 xo 000 b cze
015 |a SNBRA 2012/09  |2 svkbbbg 
038 |a SVKBBBG 
040 |a SVKBBBG  |b slo  |c SVKBBBG  |e AACR2 
041 0 |a cze  |g eng 
044 |a xo  |c SK 
072 7 |a 37  |x Výchova a vzdelávanie  |2 konspekt 
072 7 |a 54  |x Chémia. Mineralogické vedy  |2 konspekt 
072 7 |a 666  |x Sklárstvo. Keramika. Cement  |2 konspekt 
080 |a 371.3  |2 2001 
080 |a 54  |2 2001 
080 |a 542.1  |2 2001 
080 |a 666.1/.2  |2 2001 
100 1 |a Richtr, Václav  |4 aut  |9 514159 
245 1 0 |a Vlastnosti skla ve výuce chemie  |c Václav Richtr, Milan Kraitr, Jitka Štrofová 
300 |b Tab. 
504 |a Bibliografické odkazy a zoznam použitej literatúry 
650 0 7 |a vyučovacie metódy  |2 SNKPH  |9 1521 
650 0 7 |a chémia  |2 SNKPH  |9 749 
650 0 7 |a chemické laboratóriá  |2 SNKPH  |9 50206 
650 0 7 |a sklo  |2 SNKPH  |9 17120 
700 1 |a Kraitr, Milan,  |4 aut  |9 778195 
700 1 |a Štrofová, Jitka,  |4 aut  |9 778196 
773 0 |t Súčasnosť a perspektívy didaktiky chémie III. : zborník príspevkov z medzinárodnej konferencie  |d Banská Bystrica : Fakulta prírodných vied, Univerzita Mateja Bela Banská Bystrica, 2013  |g S. 113-116  |z 9788055705460 
852 |a SVKBB  |b KIS3GCP 
958 |a NB 
999 |c 2567667  |d 2569597